00268nam a2200109 a 4500008004100000050001500041100001700056245003700073246003000110260000900140350000900149120416s1967 xx |||||||||||||| || u aTS 160 Plo aPlossl, G. W10aProduction and inventory control aprinciples and techniques c1967 a0.00